000 01074nam a2200313 4500
001 177261
003 ES-MaACL
005 20240223125336.0
008 110310s2009 sp acop |||| |bspa d
017 _aP 304/09
020 _a9788492403349
080 _a741.5 Bagaría, Luis
100 1 _aBagaría, Luis,
_d1882-1940
_924626
245 1 0 _aCaricaturas republicanas /
_cLuis Bagaría ; edición y prólogo de José Esteban.
250 _a1ª ed. en Rey Lear.
260 _a[Madrid] :
_bRey Lear,
_c2009.
300 _a238 p. :
_bil. col. y n., retr. ;
_c25 cm.
490 1 _aRey Lear ;
_v29
500 _aÍndices.
600 1 4 _aBagaría, Luis,
_d1882-1940
_924626
650 4 _aEspañoles-
_yS.XX-
_vCaricaturas y dibujos humorísticos.
_9190403
650 0 4 _aCaricatura-
_zEspaña.
_9145551
700 1 _aEsteban, José,
_d1935-
_948033
830 0 _aRey Lear ;
_v29
_9190404
852 _aES-MaACL
_9184078
_bR 145611
_jA-11024
_dOlim: N-4029
_cDEPO1
942 _2udc
_cMONOGRAFIA
999 _c177261
_d177261